वैदिक गणित भाग 1 (Record no. 333814)

MARC details
000 -LEADER
fixed length control field 00656nam a2200169Ia 4500
008 - FIXED-LENGTH DATA ELEMENTS--GENERAL INFORMATION
fixed length control field 090711s9999 xx 000 0 und d
082 ## - DEWEY DECIMAL CLASSIFICATION NUMBER
Item number 960
100 ## - MAIN ENTRY--PERSONAL NAME
Personal name बापट ब. गं. / कुलकर्णी दिलीप
245 ## - TITLE STATEMENT
Title वैदिक गणित भाग 1
260 ## - PUBLICATION, DISTRIBUTION, ETC. (IMPRINT)
Name of publisher, distributor, etc दिलीप प्रकाशन
Date of publication, distribution, etc 1910
300 ## - PHYSICAL DESCRIPTION
Extent 69
600 ## - SUBJECT ADDED ENTRY--PERSONAL NAME
Personal name बापट ब. गं. / कुलकर्णी दिलीप
630 ## - SUBJECT ADDED ENTRY--UNIFORM TITLE
Uniform title वैदिक गणित भाग 1
700 ## - ADDED ENTRY--PERSONAL NAME
Personal name बापट ब. गं. / कुलकर्णी दिलीप
730 ## - ADDED ENTRY--UNIFORM TITLE
Uniform title वैदिक गणित भाग 1
942 ## - ADDED ENTRY ELEMENTS (KOHA)
Koha item type Book

No items available.